Nevson’s General Knowledge Trivia #1 - Statistics

General Stats
  • This quiz has been taken 23 times
  • The average score is 5 of 20
Answer Stats
Hint Answer % Correct
What is the longest river in Europe? Volga
70%
What is the largest country in the Caucasus? Russia
60%
Which city shares the same exact letters as Tokyo? Kyoto
50%
How many cantons are there in Switzerland? 26
45%
What is another name for the bass clef? F clef
35%
Monaco has a near-identical flag to which country? Indonesia
30%
Who was the first pope? Saint Peter
30%
If there are ten people at a party and they all shake hands, how many handshakes occur? 45
25%
Finish the sequence: IV, XVI, LXIV… CCLVI
25%
Which country is named after a woman? Saint Lucia
25%
What year was RFK shot? 1968
20%
Finish the sequence: Digon, Triangle… Quadrilateral
20%
Which one-word country has the longest name? Liechtenstein
15%
Finish the proverb: empty vessels make the Most noise
10%
Which element has the atomic number 118 on the periodic table? Oganesson
5%
What is a deadly relative of the potato and tomato? (scientific name) Atropa belladonna
0%
Who attempted to assassinate Adolf Hitler on November 8, 1939, at the Bürgerbräukeller beer hall in Munich? Georg Elser
0%
What island chain is Skye part of? Inner Hebrides
0%
What is the Bhutanese name for the abominable snowman? Migoi
0%
Who was the first of the pre-Socratic Greek philosophers? Thales of Miletus
0%
No matching quizzes found
Score Distribution
Percent of People with Each Score
Percentile by Number Answered
Your Score History
You have not taken this quiz